O životě a smrti Karla IV. : Karlovo evangelium /

Další autoři: Trojanová, Anna
Jazyk: Čeština
Vydáno: Praha : Kardiologie pro děti a dorost, s.r.o., 2016
Vydání: 1. vydání
Témata:
Fyzický popis: 36 stran : ilustrace (převážně barevné) ; 21 cm
Knihy
Uloženo v:
LEADER 01921nam a2200517 i 4500
001 nkc20162786242
003 CZ PrNK
005 20160614151419.0
007 ta
008 160323s2016 xr a e 000 0dcze
015 |a cnb002786242 
020 |a 978-80-260-9631-3  |q (brožováno) :  |c Kč 50,00 
035 |a (OCoLC)951553708 
040 |a BOA001  |b cze  |e rda 
043 |a e-xr---  |a e-gx--- 
045 |a r1r7 
072 7 |a 94(4)  |x Dějiny Evropy  |2 Konspekt  |9 8 
072 7 |a 929  |x Biografie  |2 Konspekt  |9 8 
080 |a 929.731  |2 MRF 
080 |a (437.3)  |2 MRF 
080 |a (430)  |2 MRF 
080 |a (082)  |2 MRF 
245 0 0 |a O životě a smrti Karla IV. :  |b Karlovo evangelium /  |c Anna Trojanová, ed. 
246 3 0 |a Karlovo evangelium 
250 |a 1. vydání 
264 1 |a Praha :  |b Kardiologie pro děti a dorost, s.r.o.,  |c 2016 
300 |a 36 stran :  |b ilustrace (převážně barevné) ;  |c 21 cm 
336 |a text  |b txt  |2 rdacontent 
337 |a bez média  |b n  |2 rdamedia 
338 |a svazek  |b nc  |2 rdacarrier 
500 |a "Publikace k 700. výročí narození Karla IV., Otce vlasti"--Obálka 
600 0 7 |a Karel  |b IV.,  |c český král a římský císař,  |d 1316-1378  |7 jk01053000  |2 czenas 
600 0 9 |a Charles  |b IV.,  |c Holy Roman Emperor,  |d 1316-1378  |2 eczenas 
648 4 |a 1316-1378 
650 0 7 |a panovníci  |7 ph117250  |z Česko  |y 14. století  |2 czenas 
650 0 7 |a panovníci  |7 ph117250  |z Svatá říše římská  |y 14. století  |2 czenas 
650 0 9 |a kings and rulers  |z Czechia  |y 14th century  |2 eczenas 
650 0 9 |a kings and rulers  |z Holy Roman Empire  |y 14th century  |2 eczenas 
655 7 |a sborníky  |7 fd163935  |2 czenas 
655 9 |a miscellanea  |2 eczenas 
700 1 |a Trojanová, Anna  |7 mzk2016913690  |4 edt 
910 2 |a BOA001  |b 2-1368.170 
990 |a BK 
995 |a 01 
991 |b 201605  |c NOV 
996 6 |b 2610669650  |c 2-1368.170  |l MZK  |r Sklad / do 1 hodiny  |n 0  |p p.v.  |w 001559437  |u 000010  |a 1  |e BOA001  |j MZK50  |s P